Govt. of
Madhya Pradesh

Rani Chennamma (Record no. 63433)

MARC details
000 -LEADER
fixed length control field 00243nam a22000977a 4500
100 ## - MAIN ENTRY--AUTHOR NAME
Personal name Wodeyar,Sadashiva Shivadeva
245 ## - TITLE STATEMENT
Title Rani Chennamma
260 ## - PUBLICATION, DISTRIBUTION, ETC. (IMPRINT)
Place of publication Delhi
Name of publisher National Books Trust
Year of publication 2016
650 ## - SUBJECT ADDED ENTRY--TOPICAL TERM
Topical Term Children Book
942 ## - ADDED ENTRY ELEMENTS (KOHA)
Koha item type Books
Holdings
Withdrawn status Lost status Damaged status Not for loan Home library Current library Date acquired Cost, normal purchase price Full call number Accession Number Price effective from Koha item type
        MACL MACL 26/09/2020 210.00 741.642 RRC000369 26/09/2020 Books